00341nam a22001217a 450000500170000002000220001703500130003903700130005210000230006524500730008826000350016130000230019620120316152024.0 a8120713389c95.00 aA-897922 aDPLbENG aReddy, A.V. Rathna aThe political philosophy of the Bhagvad Gita /cby A.V. Rathna Reddy aNew DelhibSterling Paperbacks aix, 180p.c20 cms.